| LEADER 00000nam 2200000uu 4500 |
| 001 13399120116 |
| 003 ULIBM |
| 008 181010s2559||||th 000 0 tha d |
| 020 ^a9786169165347
|
| 082 00 ^a370^bฟ624ก
|
| 100 1 ^aเฟรเร, เปาโล
|
| 245 10 ^aการศึกษาของผู้ถูกกดขี่ = Pedagogy of the oppressed /^c โดย เปาโลเฟรเร ; ภาคิน นิมมานนรวงศ์, นลัท ตั้งพรพิพัฒน์ และ วิจักขณ์ พานิช, แปล
|
| 246 31 ^aPedagogy of the oppressed
|
| 250 ^aพิมพ์ครั้งที่ 1.
|
| 260 ^aกรุงเทพมหานคร:^bปลากระโดด,^c2559.
|
| 300 ^a256 หน้า:^bภาพประกอบ ;^c21 ซม.
|
| 650 7 ^aเสรีภาพ
|
| 650 7 ^aการศึกษา^xปรัชญา
|
| 700 0 ^aภาคิน นิมมานนรวงศ์
|
| 700 0 ^aนลัท ตั้งพรพิพัฒน์
|
| 700 0 ^aวิจักขณ์ พานิช
|
| 999 ^aปาริฉัตร์
|
หนังสือดีน่าอ่าน

“ดั่งดวงแก้ว ส่องสว่าง ทางสายงาม”
จัดทำขึ้นเพื่อเฉลิมพระเกียรติ สมเด็จพระเทพรัตนราชสุดา ฯ สยามบรมราชกุมารี
เนื่องในโอกาสมหามงคลเฉลิมพระชนมพรรษา ๕ รอบ ๒ เมษายน ๒๕๕๘
โดยหนังสือเล่มนี้ได้รวบรวม ๖๐ พระอัจฉริยภาพของสมเด็จพระเทพ ฯ
ผู้อ่านจะได้รับแรงบันดาลใจให้พากเพียรเรียนรู้และขยันอดทนทำการงาน
ตามรอยเบื้องพระยุคลบาท เพราะพระองค์ทรงเป็นแบบอย่างอันดีเยี่ยมในทุกด้าน
ทั้งในความใฝ่รู้ใฝ่เรียน คุณธรรมจริยธรรม พระวิริยอุตสาหะในการทรงงาน
และอื่นๆอีกมากมาย ล้วนสามารถสร้างแรงบันดาลใจให้แก่เด็กและเยาวชน
อีกทั้งประชาชนทั่วไป ให้พากเพียรเรียนรู้และขยันอดทนทำการงานตามรอยพระยุคลบาท
เพื่อฝึกฝนตนเองให้เป็นคนดีคนเก่งของครอบครัวและสังคมต่อไป